| 000 | 00445 a2200157 4500 | ||
|---|---|---|---|
| 020 | _a0131011111 | ||
| 022 | _a9780131011113 | ||
| 082 | _a658.155 | ||
| 090 |
_c2758 _d2758 |
||
| 100 | _aChatterjee,Sayan | ||
| 245 |
_aFailsafe Strategies Profit and Grow from Risks That Others Avoid. _cSayan Chatterjee. |
||
| 260 |
_aNew Jersey _bWharton School Publishing. _c2005 |
||
| 300 | _a284p | ||
| 500 | _aHard cover | ||
| 942 |
_aNBS _cBK _k658.155 CHA |
||
| 999 |
_c345249 _d345249 |
||